| 000 | 00724cab a2200241 4500 | ||
|---|---|---|---|
| 001 | ABS37805 | ||
| 008 | 090401t1987 xxu||||| |||| 00| 0 eng d | ||
| 035 | _a(Sirsi) u6839 | ||
| 041 | _aeng | ||
| 100 | _aMacpherson, I. | ||
| 245 | _aServices to the fore | ||
| 260 | _c1987 | ||
| 350 | _a0 | ||
| 490 |
_aBuilding _v252(24) 12 June 1987, 94-95(2) |
||
| 520 | _aIn his fifth article on Broadgate , the author reports on how successful co-ordination between services design and structural design was achieved. | ||
| 650 | _aENGINEERING SERVICES | ||
| 650 | _aFAST TRACK CONSTRUCTION | ||
| 650 | _aFITTING-OUT | ||
| 650 | _aSHELL AND CORE | ||
| 690 |
_aBlock management _96220 |
||
| 942 | _n0 | ||
| 948 | _c04/03/1997 | ||
| 999 |
_c4065 _d4065 |
||